000 00293nam a2200121Ia 4500
008 190216s9999||||xx |||||||||||||| ||und||
100 _aPeria Swamy
245 0 _aPrinciples And Practice Of Insurance
260 _bHimalaya Publishing House
300 _a376
650 _aCommerce
942 _cBK
999 _c6944
_d6944